[Event "Norway Chess 3rd"]
[Site "Stavanger"]
[Date "2015.06.16"]
[Round "1"]
[White "Carlsen, Magnus"]
[Black "Topalov, Veselin"]
[Result "0-1"]
[WhiteElo "2876"]
[BlackElo "2798"]
[Annotator "Krasenkow,M"]
[PlyCount "120"]
[EventDate "2015.06.16"]
[EventType "tourn"]
[EventRounds "9"]
[EventCountry "NOR"]
[EventCategory "22"]
[SourceTitle "CBM 167"]
[Source "ChessBase"]
[SourceDate "2015.07.13"]

1. d4 d5 2. c4 c6 3. Nf3 Nf6 4. Nc3 e6 5. Bg5 h6 6. Bxf6 Qxf6 7. e3 Nd7 8. Rc1
g6 9. Be2 (9. Bd3 {is more common, with a usual continuation being} dxc4 10.
Bxc4) 9... Bg7 (9... dxc4 10. Bxc4 {was possible here, too.}) 10. cxd5 {
White goes for the classic Karlsbad structure, for which his rook is not
placed properly on c1 but neither is Black's bishop on g7.} ({He can include
mutual castling first:} 10. O-O O-O (10... dxc4 11. Bxc4 {again leads to a
common position}) 11. cxd5 (11. e4 dxe4 12. Nxe4 Qf4 13. Qc2 f5 14. Nc3 Qc7 15.
Rfd1 e5 16. d5 {0-1 (31) Kanep,M (2505)-Fridman,D (2653) Riga 2012} e4 $132) (
11. Qc2 Qe7 12. Rfd1 a6 $5 13. a3 Rb8 14. h3 Kh8 15. Nd2 Rd8 16. b4 b5 17. c5
e5 18. Nb3 Nf8 19. dxe5 Qxe5 20. Nd4 Qc7 21. h4 Ne6 $132 {1/2 (48) Aronian,L 
(2816)-Kasimdzhanov,R (2684) Istanbul 2012}) 11... exd5 12. b4 a6 (12... Nb6 {
1/2 (17) Tosic,M (2440)-Kosic,D (2455) Kladovo 1993} 13. b5 $1) 13. a4 Qd6 14.
Qb3 (14. b5 $5) 14... b5 15. axb5 axb5 16. e4 {1/2 (42) Devereaux,M (2329)
-Horton,J Port Erin 2003} Nb6 $1 $11 17. exd5 $140 Nxd5 18. Nxd5 Be6 $1) ({If} 
10. b4 a6 11. a4 {then} dxc4 12. Bxc4 O-O 13. O-O Qe7 $11 14. b5 $6 axb5 15.
axb5 c5 16. Be2 cxd4 17. Nxd4 Nb6 18. Ra1 Rxa1 19. Qxa1 e5 20. Nf3 Be6 $36 {
0-1 (60) Kolbus,D (2416)-Malakhatko,V (2556) Port Erin 2005}) 10... exd5 11. b4
{[%cal Yb4b5]} a6 (11... Qd6 {is less accurate:} 12. b5 O-O 13. O-O Nb6 14.
bxc6 bxc6 (14... Qxc6 15. Ne5 Qe8 16. Nd3 Bd7 17. Nc5 Bc6 18. Qb3 Qe7 19. a4
Qg5 20. Rfd1 Rad8 21. Nb5 Nc8 22. Bf3 a6 23. Nc3 $16 {1/2 (61) Shchekachev,A 
(2537)-Bajarani,U (2424) Paris 2011}) 15. Na4 Re8 16. Nc5 Rb8 17. Re1 Nd7 18.
Nd3 Ba6 19. Nf4 Bb7 20. Qa4 a6 21. Nd3 Rec8 22. Qa5 $14 {1-0 (46) Shchekachev,
A (2528)-Lamorelle,J (2277) Paris 2012}) 12. a4 O-O 13. b5 axb5 14. axb5 {
The classic minority attack leads to a typical position with the weak c6-pawn 
(in the event of b5xc6 b7xc6) or weak b- and d-pawns in Black's camp (in the
event of ...c6xb5 or b5xc6 Qxc6). Usually Black opts for the former setup as
it is difficult for White to convert such a small advantage. Often (in the
present game, too) White refrains from the early capture on c6 so that the
b-file remains closed, and he can sometimes attack the b7-pawn.} Qd6 15. O-O
Nb6 16. Qb3 Rb8 17. Nd1 {The knight goes to d3 and then possibly to c5 or e5.}
Bf5 18. Nb2 Rfc8 19. Nd3 Bxd3 {A simple way to disrupt White's plan. However,
the exchange of Black's light-squared bishop has a drawback as it is a good
defender of his position.} 20. Qxd3 c5 {Another typical transformation. Black
prefers to have an isolated central pawn, safely protected by the perfectly
placed b6 knight. In many cases (including this one) it is quite enough for
equality.} 21. dxc5 Rxc5 $11 {However, the World Champion is famous for
regularly outplaying his rivals in quiet equal positions.} 22. h4 Na4 (22... h5
{was quite possible (and would have been probably played against any other
opponent):} 23. Ng5 Rxc1 24. Rxc1 Ra8 $11) 23. h5 Rbc8 $6 {Another timorous
move.} (23... Nc3 $142 24. hxg6 Qxg6 $11) 24. Rxc5 Nxc5 {The knight is hardly
placed better on c5 than on b6.} 25. Qc2 {Now the destruction of Black's
queenside is inevitable. He must switch to defence.} gxh5 (25... Qe6 26. Rc1 $1
$36) 26. Nd4 Qg6 27. Nf5 $14 {[%csl Gf5]} Bf8 28. Rd1 Qe6 29. Rc1 Nb3 $1 {
A correct simplification.} 30. Qxc8 Nxc1 31. Qxc1 Qxf5 {The opposite-coloured
bishops should secure Black a draw.} 32. Qc7 Qb1+ 33. Bf1 d4 $1 34. exd4 (34.
Qxb7 dxe3 35. fxe3 Qe1 {[%cal Yf8d6,Ye1g3]}) 34... Qd1 (34... Qe4 $142 $1 $11
35. Bc4 $140 Qe1+ 36. Kh2 Qxf2) 35. Qe5 $1 (35. Qxb7 Qxd4 $11 {[%cal Yf8c5]})
35... Bg7 36. Qe8+ Bf8 37. Qd8 Kg7 (37... Qd2 $142 $5 38. d5 Kg7) 38. Qd5 $1 {
White is trying all possible chances.} b6 39. Qe5+ Kg8 40. Qf6 Bg7 (40... Bb4
$142 $1 41. Qxb6 (41. Qxh6 Qxd4 {[%cal Yb4c5]}) 41... Kg7 {[%cal Yb4c3,Yc3d4]}
42. Qd8 Bc5 $1 {, which is not easy to find, though.}) 41. Qxb6 Bxd4 42. Qxh6
Qg4 43. Qd6 Qd1 44. Qd8+ Kh7 $6 {A serious inaccuracy.} (44... Kg7 $1 45. Qg5+
Kh7 {was still a clear draw.}) 45. Qc7 $1 {White's passed pawn now moves
forward.} Kg7 46. b6 Qg4 $1 {The only way to create counterplay.} (46... Qd2 $4
47. Qg3+ Kh7 48. b7) 47. b7 Qh4 $1 48. g3 Qf6 49. Qc2 Qe5 {Black has stopped
White's pawn at the last moment. The draw is still highly probable.} 50. Qd3
Ba7 51. Qf3 Qf6 52. Qe2 {The queen exchange leads to a draw, e.g.} (52. Be2
Qxf3 53. Bxf3 Kg6 54. Kg2 f5 55. Be2 Bb8 (55... f4 56. gxf4 Bb8 {is good enough
}) 56. Kh3 Be5 57. f4 Bc7 58. Kg2 (58. Kh4 Bd8+) 58... h4 $1 $11) 52... Qc3 53.
Kh2 Qd4 54. Qf3 Bb8 $2 {Surprisingly, this is a big mistake.} (54... h4 $1 {
was correct as} 55. g4 Qe5+ 56. Kg2 Bb8 {lead to a dead draw.}) 55. Kh3 Bc7 (
55... Qf6 56. Qxf6+ Kxf6 57. Kh4 Kg6 58. Be2 {- Black's bishop is placed
wrongly, unable to give a check, therefore he loses the h5-pawn and the game.})
56. Be2 Bb8 57. Bd1 {[%cal Rf3h5] White doesn't want to calculate the queen
endgame after} (57. Qxh5 Qxf2 58. Qg5+ Kf8 59. Qd8+ Kg7 60. Qxb8 Qxe2) 57... f5
{Desperation.} 58. Be2 f4 (58... Qg4+ 59. Qxg4+ hxg4+ 60. Bxg4 fxg4+ 61. Kxg4
$18 {White's pawns easily prevail as his king goes to the queenside at the
decisive moment.}) 59. Qxh5 Qxf2 $5 60. Qg5+ Kf7 $138 {White lost on time
unaware of the time rate. He still needed several accurate checks to construct
the mating net:} (60... Kf7 61. Bc4+ Ke8 62. Bb5+ $1 {Only this; if Black's
king escapes to the queenside, it will be safe!} Kf7 63. Qf5+ Kg7 64. Qd7+ $1
Kf6 65. Qd8+ $1 Kg7 (65... Kf7 66. Bc4+ Kg6 67. Qg8+ Kf6 68. Qf8+ Kg5 69. Qg7+
{leads to the same}) 66. Qe7+ Kh6 67. Qf6+ Kh7 68. Bd3+ Kg8 69. Bc4+ Kh7 70.
Qf7+ Kh6 71. Qf8+ $1 Kg5 72. Qg7+ Kf5 73. g4+ Ke4 74. Qg6+ Kd4 75. Qb6+ $18)
0-1

[Event "Gashimov Memorial"]
[Site "Shamkir"]
[Date "2015.04.26"]
[Round "9"]
[White "Carlsen, Magnus"]
[Black "Mamedov, Rauf"]
[Result "1-0"]
[WhiteElo "2863"]
[BlackElo "2658"]
[Annotator "Ftacnik,L"]
[PlyCount "69"]
[EventDate "2015.04.17"]
[EventType "tourn"]
[EventRounds "9"]
[EventCountry "AZE"]
[EventCategory "21"]
[SourceTitle "CBM 166"]
[Source "ChessBase"]
[SourceDate "2015.05.11"]

1. Nf3 Nf6 2. c4 c6 3. Nc3 d5 4. e3 a6 5. d4 Bf5 6. Be2 h6 7. Bd3 {A small
detail, that does not radically change the balanced nature of the position.
White has waited for the move h7-h6 before exchanging the light-squared
bishops as the black pawn structure is not quite perfect any more. The older 7.
Qb3 has fallen into disrepute as White was unable to get any advantage.} (7.
Qb3 Ra7 8. cxd5 cxd5 9. Ne5 e6 10. Bd2 Be7 (10... Bd6 $2 11. Qa4+ Nc6 (11...
Nbd7 12. Nb5 $18) 12. Nxc6 bxc6 13. Qxc6+ $16 {1-0 Carlsen,M (2837)-Bologan,V 
(2732)/Astana KAZ 2012 (54)}) 11. Rc1 O-O 12. O-O Nfd7 13. Nxd7 Nxd7 14. a4 Nb8
15. e4 dxe4 16. d5 Nd7 17. Be3 Nc5 $1 (17... Bc5 $6 18. Nxe4 Bxe3 19. Qxe3 Qb6
20. Ng3 $36 {Aronian,L (2802)-Carlsen,M (2826)/London 2011/ (39)}) 18. Qc4 (18.
Qc2 Ra8 19. dxe6 fxe6 20. Bxc5 Bxc5 21. Nxe4 Bd4 $11) 18... b6 19. g4 exd5 (
19... Bh7 $5 20. dxe6 Nxe6 21. Rfd1 Qb8 $15) 20. Qxd5 Qxd5 21. Nxd5 Be6 22.
Nxe7+ Rxe7 $11) 7... Bxd3 (7... e6 8. Bxf5 exf5 9. Qc2 g6 10. O-O Bd6 $11) 8.
Qxd3 e6 9. O-O Bb4 10. Bd2 {Carlsen has some experience with the line and he
obviously believes that White should try to act swiftly, otherwise even the
traces of an advantage might prove to be elusive.} (10. b3 O-O 11. Bb2 Nbd7 12.
Nd2 b5 13. a3 Ba5 14. a4 bxc4 15. bxc4 c5 16. Ba3 Bb4 17. Rfb1 Bxa3 18. Rxa3
cxd4 19. Qxd4 e5 20. Qh4 $11 {1/2 (41) Kovalenko,I (2650)-Nyback,T (2610)
Finland 2015}) 10... O-O 11. Rfd1 (11. a3 Bxc3 12. Bxc3 dxc4 (12... Nbd7 13.
Rfd1 a5 14. a4 Ne4 15. Nd2 Nxc3 16. bxc3 Qc7 17. cxd5 cxd5 18. c4 dxc4 19. Nxc4
Rfc8 20. Nd2 Ra6 21. Ne4 $11 {1/2 (31) Georgiev,K (2623)-Rusev,K (2544) Pleven
2015}) 13. Qxc4 Qd5 14. Qb4 b5 15. Qa5 Rc8 16. a4 Ne4 17. Nd2 Nd6 18. Rfe1 f5
19. f3 c5 20. e4 fxe4 21. fxe4 Qb7 22. axb5 Nxb5 $11 {1/2 (41) Giri,A (2790)
-Mamedyarov,S (2756) Shamkir 2015}) (11. b3 a5 12. a3 Bxc3 13. Bxc3 Ne4 14. Bb2
Re8 15. Ne5 Nd7 16. Nxd7 Qxd7 17. f3 Ng5 18. a4 f6 19. Bc3 Nf7 20. Rad1 $11 {
0-1 (43) Mamedyarov,S (2759)-Tomashevsky,E (2716) Tbilisi 2015}) 11... Ba5 $5 {
Mamedov was acting in Shamkir with a surprising level of confidence. In this
game his good form translates into an ambition to improve upon the Nakamura
game from the Shamkir event in the year 2014.} (11... Bxc3 12. Bxc3 Ne4 (12...
Nbd7 13. b3 Qe7 (13... Ne4 14. Bb2 a5 15. Ne5 Nxe5 16. dxe5 Qe7 17. Qc2 $14)
14. Rac1 Rac8 (14... a5 15. Nd2 Rfd8 (15... a4 16. b4 Nb6 17. c5 Nbd7 18. b5
$14) 16. h3 Nf8 17. e4 dxe4 18. Nxe4 Nxe4 19. Qxe4 Ng6 20. a4 Qg5 21. g3 Rd7
22. h4 Qh5 23. Rd3 Ne7 24. Rcd1 $14) 15. Qe2 Ne4 $6 (15... Rfd8 16. Ne1 dxc4
17. bxc4 c5 18. Qb2 b6 19. f3 (19. dxc5 Nxc5 20. Bxf6 Qxf6 21. Qxb6 Rxd1 22.
Rxd1 Qc3 $11) 19... cxd4 20. Bxd4 Rc6 $11) 16. Bb2 Rfd8 17. Ne1 Nd6 (17... Qg5
18. f3 Nd6 19. c5 Nf5 20. e4 Nh4 21. g3 $14) (17... dxc4 18. Qxc4 Nef6 19. Nd3
$14) (17... Nef6 18. Nd3 $14) 18. Ba3 $14 {1-0 (61) Carlsen,M (2881)-Nakamura,
H (2772) Shamkir 2014/}) 13. Be1 Nd7 14. Rac1 Re8 15. Qb3 (15. a4 Qf6 16. Qc2
Nd6 17. b3 Rac8 18. Bb4 Ne4 19. Qe2 Qf5 20. h3 Qh5 21. Rc2 $11 {1-0 (70)
Collins,S (2495)-Greet,A (2431) Tromso 2014}) 15... Qb6 16. Qxb6 Nxb6 17. b3 f6
18. Kf1 a5 19. Ng1 a4 20. c5 Nd7 21. b4 $11 {1-0 (49) Michalik,P (2570)-Nyback,
T (2603) Germany 2015}) (11... a5 12. a3 Bxc3 (12... Be7 13. e4 dxe4 14. Nxe4
Nxe4 15. Qxe4 Nd7 16. Bf4 $14) 13. bxc3 Nbd7 (13... dxc4 14. Qxc4 Qd5 15. Qe2
$14) 14. cxd5 cxd5 15. c4 $14) 12. a4 {The world champion must have looked at
the idea of expansion with the b-pawn, but he obviously did not like the
vulnerability of the c4-square.} (12. Rab1 Nbd7 13. b4 Bc7 14. e4 Nb6 15. cxd5
cxd5 16. e5 Nfd7 $132) 12... Nbd7 13. b4 {White needs to play actively as
Black has every reason to consider his position to be strategically very
healthy.} (13. Ne2 Re8 14. Qb3 Rb8 $11) 13... Bxb4 (13... Bc7 $5 14. a5 Re8 15.
e4 dxe4 16. Nxe4 e5 17. dxe5 Nxe4 18. Qxe4 Nxe5 $11) 14. Nxd5 exd5 {Modern
chess practice is turning into a a game with lots of small choices for both
sides. Both players have been aware that Black is quite close to full equality,
but the selection of the most promising line was wide open.} (14... cxd5 15.
Bxb4 dxc4 16. Qxc4 Rc8 17. Qb3 Re8 18. a5 $14) (14... Bxd2 $5 15. Nxf6+ Nxf6
16. Rxd2 c5 17. Rb1 Qc7 $11) 15. Bxb4 Re8 (15... dxc4 16. Qxc4 Re8 17. a5 $14)
16. a5 dxc4 17. Qxc4 Nd5 {The position is nearly equal, but Carlsen has
managed to fix the queenside pawn structure to his favour. Black will trust
his piece control of the centre and the fact, that White has 5 pawns of his
pawn structure on the squares of his remaining bishop.} 18. h3 (18. Rab1 Rb8
19. Rb2 $14) 18... Qc7 19. Be1 N7f6 20. Ne5 Ne4 21. Rac1 Qe7 {The only real
weakness in the black position is the pawn on b7. White does not even pretend
that he could effectively attack it at this stage of the game.} (21... Rad8 22.
Qb3 Qe7 23. Rc2 $14) 22. Qd3 Nd6 23. Qa3 f6 (23... Nb5 24. Qb2 Rad8 25. Nd3 Nd6
$11) 24. Nd3 Rad8 25. Bb4 {For better or worse White is parting with his
imperfect bishop with the hope to capitalise on a slightly better pawn
structure.} (25. Nc5 Ne4 $11) 25... Nxb4 26. Qxb4 Ne4 27. Nc5 Nxc5 (27... Rd7
28. Qc4+ Rd5 29. Qb3 Kf8 30. Qxb7 (30. Nxe4 Rb5 $1 $11) 30... Qxb7 31. Nxb7 Rb8
32. f3 Rxb7 33. fxe4 Rxa5 34. Rf1 $11) 28. dxc5 Rxd1+ 29. Rxd1 Qf7 30. Qg4 (30.
Rd6 Re5 31. g3 Kh7 $11) 30... f5 $1 {This weakening move will make it easier
for the defender to keep firm control of the e file as well as to defend the
b7 weakness.} 31. Qb4 Re4 32. Qb6 Qe7 33. Qb3+ (33. Rd6 Kh7 $11) 33... Kh7 34.
Rd6 Qe5 $2 {All players are kindly advised to combine defence with some
sensible counterplay. Mamedov discloses how much tension he must have felt
under the surface of the relatively peaceful middlegame. His first active move
is a grave blunder, frustrated he resigned immediately.} (34... Re5 35. Qc2 Re4
$11) 35. Qf7 $1 (35. Qf7 $1 Qe8 (35... Qe7 $2 36. Qxf5+ Kg8 37. Qc8+ Kh7 38.
Rd7 Qe5 39. Qxb7 $18) 36. Qxf5+ g6 37. Qf6 $16) 1-0

[Event "Gashimov Memorial"]
[Site "Shamkir"]
[Date "2015.04.24"]
[Round "7"]
[White "Carlsen, Magnus"]
[Black "Kramnik, Vladimir"]
[Result "1-0"]
[WhiteElo "2863"]
[BlackElo "2783"]
[Annotator "Pavlovic,M"]
[PlyCount "97"]
[EventDate "2015.04.17"]
[EventType "tourn"]
[EventRounds "9"]
[EventCountry "AZE"]
[EventCategory "21"]
[SourceTitle "CBM 166"]
[Source "ChessBase"]
[SourceDate "2015.05.11"]

1. e4 e5 2. Nf3 Nc6 3. Bb5 Nf6 {Yet another big clash in the Berlin.} 4. d3 Bc5
5. c3 O-O 6. O-O d6 7. h3 Ne7 8. d4 Bb6 9. Bd3 d5 {Trying to use the momentum
to free the game by further exchanges is logical, and we all know this
trademark of Kramnik.} ({Usual is also} 9... Ng6 {with a normal type of game.})
10. Nbd2 dxe4 ({A bit of computer type of chess might be} 10... exd4 11. e5 Nh5
$5 12. Ng5 g6 13. cxd4 Ng7 14. Nb3 f6 15. Nf3 {with interesting play for both
sides.}) 11. Nxe4 Nxe4 12. Bxe4 exd4 13. Qc2 $5 {An interesting new attempt,
the point is that it is not one move but a whole concept that Carlsen found.}
h6 (13... f5 14. Bd3 Nc6 15. Re1 Kh8 16. Bf4 dxc3 17. bxc3 Qf6 18. Bc4 Bd7 19.
Rad1 {with major compensation, Black is facing difficulties in developing his
pieces.}) 14. a4 $1 {Unusual and very deep as we will see. Carlsen came fully
prepared for this game.} c6 {A solid approach, Black could have tried to
defend the pawn or simply take another one.} (14... dxc3 15. Rd1 Qe8 16. Qxc3
a5 17. b3 f6 18. Ba3 Qf7 19. Nh4 {with the initiative, an unpleasant one I may
add.}) (14... c5 15. Rd1 a5 16. Bf4 $5 (16. cxd4 cxd4 17. Nxd4 Bxd4 18. Be3 Nf5
19. Bxf5 Bxf5 20. Qxf5 Qf6 21. Qxf6 Bxf6 22. Rd7 Bxb2 23. Rb1 Bc3 24. Rbxb7 {
looks defendable for Black}) 16... Re8 17. cxd4 cxd4 18. Be5 Nd5 19. Bxd4 Nb4
20. Qe2 Bxd4 21. Rxd4 Qb6 22. Bh7+ Kf8 23. Qd2 {with initiative.}) 15. Rd1 Nd5
16. Nxd4 Re8 17. a5 $3 {Probably this had been worked out by Carlsen, it is
really a nice play.} Bxa5 {Kramnik decides to take the pawn, going back to c7
is also possible.} (17... Bc7 18. Nf3 ({The direct} 18. a6 Qd6 19. Nf3 bxa6 20.
c4 Nb4 21. Qa4 Qe7 {is ok for Black}) 18... Qf6 19. Bd2 Nf4 20. a6 bxa6 21.
Bxf4 Bxf4 22. Qa4 {again Black is confronted with slight but lasting pressure.}
) 18. Nf3 b5 19. Nd4 Bc7 (19... Bb7 20. Bxd5 cxd5 21. Nxb5 Bb6 22. Bf4 Re6 23.
Nd4 Re4 24. Be3 Qf6 25. Qd3 Rae8 26. Nc2 $1 {I guess something like this must
have been the idea, if Black can't play ...d4 to open lines for the bishop
then he is facing problems.}) (19... Bd7 20. Nxb5 $14 {is simply better for
White.}) 20. Nxc6 Qd6 21. g3 Bb7 22. Bf4 $1 {White is better.} Qxc6 ({The
alternative was better:} 22... Qd7 23. c4 $1 (23. Nb4 Bxf4 24. Nxd5 Bd6 25.
Nf6+ gxf6 26. Bxb7 Qxb7 27. Rxd6 Qf3 28. Qd1 Qxd1+ 29. Raxd1 {White is
slightly better}) 23... Bxf4 24. cxb5 Qxh3 25. Bxd5 Bg5 26. Qc4 Rf8 27. Ra3 $16
) 23. Bxd5 {By giving the queen it is just winning now for White.} Re1+ 24. Kh2
Qxd5 25. Rxd5 Rxa1 26. Rd1 Rxd1 27. Qxd1 Rd8 28. Qe2 Bb6 29. Be3 Bxe3 30. Qxe3
Rd1 31. g4 Bc6 32. Qc5 Bd7 33. Qxa7 {This is simply technical now.} Rd2 34. Kg3
Rd3+ 35. Kf4 Kh7 36. Qb7 Rd2 37. Ke3 Rd6 38. f4 g6 39. Qb8 Rd5 40. Ke4 Be6 41.
Qb7 Rc5 42. Kd4 Rc4+ 43. Ke5 b4 44. cxb4 Rc2 45. Kf6 Rxb2 46. Qb8 Rf2 47. f5
gxf5 48. Qg3 Rf1 49. g5 1-0